Statystyki dla Formuła 1 - Kierowcy w Zespole Williams

Kliknij tutaj aby rozwiązać quiz!

Ogólne statystyki

  • Ten quiz został rozwiązany 28 razy
  • Średni wynik to 12 z 20

Statystyki odpowiedzi

StartyKrajLataKierowca% Poprawnych
48Tajlandia2022-terazAlex Albon
92%
59W.Brytania2019-2021George Russell
92%
61Kanada2020-2022Nicholas Latifi
88%
78Brazylia2014-2017Felipe Massa
85%
77Finlandia2013-2016Valtteri Bottas
77%
58Wenezuela2011-2013Pastor Maldonado
69%
68Kolumbia2001-2004Juan Pablo Montoya
65%
41Kanada2017-2018Lance Stroll
65%
70Niemcy2006-2009Nico Rosberg
62%
94Niemcy1999-2004Ralf Schumacher
62%
49Kanada1996-1998Jacques Villeneuve
58%
62Finlandia1982-1985Keke Rosberg
58%
38Brazylia2010-2011Rubens Barrichello
58%
65W.Brytania1993-1996Damon Hill
50%
95W.Brytania1985-1988, 1991-1992, 1994Nigel Mansell
50%
36Australia2005-2006Mark Webber
46%
36Japonia2007-2009Kazuki Nakajima
42%
81Włochy1987-1992Riccardo Patrese
23%
60Australia1978-1981Alan Jones
15%
39Kanada1975, 1983-1984Jacques Laffite
4%

Rozkład punktacji

Percentyl według liczby udzielonych odpowiedzi

Procent ludzi z każdym wynikiem

Twoja historia wyników

Nie rozwiązałeś tego quizu